Statistiques concernant Gagnants football 2023

Cliquez ici pour prendre le quiz!

Statistiques générales

  • Ce quiz a été pris 298 fois
    (133 depuis la dernière actualisation)
  • Le résultat moyen est 24 sur 52

Statistiques - réponses

TournoisClub/Pays% Correct
FA Cup (Angleterre)Manchester City
93%
Ligue des Champions (Europe)Manchester City
93%
Premier League (Angleterre)Manchester City
93%
Super Coupe de l'UEFA (Europe)Manchester City
93%
Coupe du roi (Espagne)Real Madrid
89%
Coupe du monde des Clubs (Monde)Real Madrid
89%
Ligue 1 (France)Paris-Saint Germain
86%
LaLiga (Espagne)FC Barcelone
81%
Super coupe (Espagne)FC Barcelone
81%
Serie A (Italie)Naples
75%
Bundesliga (Allemagne)Bayern Munich
74%
Ligue des Nations UEFA (Europe)Espagne
68%
Euro U17 (Europe)Allemagne-17
64%
Coupe du Monde U17 (Monde)Allemagne-17
64%
Europa League (Europe)FC Séville
62%
UEFA CONMEBOL Club Challenge (Monde)FC Séville
62%
Coupe de France (France)Toulouse FC
62%
Emirates Cup (Europe)Arsenal
56%
FA Community Shield (Angleterre)Arsenal
56%
Liga Portugal (Portugal)Benfica
56%
Coupe Arabe des Clubs Champions (Monde)Al-Nassr
53%
Super Coupe (Italie)Inter Milan
53%
Coupe d'Italie (Italie)Inter Milan
53%
Euro U21 (Europe)Angleterre-21
50%
EFL Cup (Angleterre)Manchester United
46%
Ligue 2 (France)Le Havre
44%
Premiership (Écosse)Celtic
41%
Coupe d'Allemagne (Allemagne)RB Leipzig
41%
Super Coupe (Allemagne)RB Leipzig
41%
Super Lig (Turquie)Galatasaray
40%
Eredivisie (Pays-Bas)Feyenoord
38%
Euro U19 (Europe)Italie-19
38%
Conférence League (Europe)West Ham
38%
Bundesliga (Autriche)Red Bull Salzbourg
28%
Super League (Grèce)AEK Athènes
27%
Super League (Suisse)Young Boys
26%
HNL (Croatie)Dinamo Zagreb
25%
Championship (Angleterre)Burnley
24%
Saudi Pro League (Arabie Saoudite)Al-Ittihad
23%
Ligue des Nations CONCACAF (Amérique Nord)États-Unis
22%
Super Liga (Serbie)Étoile rouge de Belgrade
16%
Leagues Cup (Amérique Nord)Inter Miami
15%
Gold Cup (Amérique Nord)Mexique
15%
Coupe du Monde U20 (Monde)Uruguay-20
15%
Copa Libertadores (Amérique Sud)Fluminense
14%
Pro League (Belgique)Antwerp
12%
2.Bundesliga (Allemagne)Heidenheim
7%
Serie B (Italie)Frosinone
5%
LaLiga 2 (Espagne)Grenade
4%
Ligue des Champions OFC (Australie/Océanie)Auckland City
2%
AFC Ligue des Champions (Asie)Urawa
2%
Ligue des Champions CONCACAF (Amérique Nord)Leon
1%

Distribution des résultats

Percentile par nombre de réponses

% des personnes avec chaque résultat

Votre développement - résultats

Vous n’avez pas pris ce quiz depuis la dernière actualisation